Chinese Art an Age Of Revolution (Record no. 33060)

MARC details
000 -LEADER
fixed length control field 00444nam a22001817a 4500
005 - DATE AND TIME OF LATEST TRANSACTION
control field 20230905185452.0
008 - FIXED-LENGTH DATA ELEMENTS--GENERAL INFORMATION
fixed length control field 230719b |||||||| |||| 00| 0 eng d
020 ## - INTERNATIONAL STANDARD BOOK NUMBER
ISBN 9780300169744
082 ## - DEWEY DECIMAL CLASSIFICATION NUMBER
Classification number 759.951
Item number Boa-C
100 ## - MAIN ENTRY--AUTHOR
Author Name Baoshi,Fu
245 ## - TITLE STATEMENT
Title Chinese Art an Age Of Revolution
260 ## - PUBLICATION, DISTRIBUTION, ETC.
Place of Publication Chaina
Name of publisher, distributor, etc. Andrew W.Melllon
Date of publication, distribution, etc. 2011
300 ## - PHYSICAL DESCRIPTION
Pages 241
500 ## - GENERAL NOTE
General note include index
650 ## - SUBJECT ADDED ENTRY--TOPICAL TERM
Subject / Department Architecture
700 ## - ADDED ENTRY--PERSONAL NAME
Personal name Fu Baoshi
952 ## - LOCATION AND ITEM INFORMATION (KOHA)
-- 0
-- 0
Holdings
Lost status Damaged status Permanent Location Current Location Shelving Location Date acquired Full Call Number Accession No./Barcode Date last seen item type
    Superior Information Resource Center (SIRC) Superior University- Main Campus Superior Information Resource Center (SIRC) Superior University- Main Campus Architecture 07/19/2023 759.951 BAO-C 2011 20212 07/19/2023 BOOK

Powered by Koha